000 00458nam a2200181Ia 4500
001 19461
005 20260306172655.0
008 260306t2012||||xx |||||||||||||| ||spa||
041 _aESP
082 _a343.8C6
_bJ53
100 _aJiménez Castañeda, Francisco
_eAUT
245 0 _aCódigo tributario:
_bsumillado concordado jurisprudencia actualizada
260 _c2012
300 _a
_c
650 _aGEN
654 _aCDE
942 _cLIB
_dJUS
_fJUS
_2ddc
_n
999 _c19461
_d19461